|
|
|
|
| LEADER |
00000nab a2200000 a 4500 |
| 001 |
vtls000820679 |
| 003 |
SK-MaSNL |
| 005 |
20260304225055.0 |
| 008 |
250429c2002 xo 0 slo |
| 015 |
|
|
|a SNBRB2003/01-00957
|
| 035 |
|
|
|a CLN000172334
|
| 035 |
|
|
|a urn:nbn:sk:snk-ab94nd
|
| 035 |
|
|
|a (urnnbn)urn:nbn:sk:snk:ar-006lry
|
| 035 |
|
|
|a (uuid)27a61890-8f55-4754-aadd-e5f8dba750d8
|
| 040 |
|
|
|a SNKBUCL
|b slo
|c SNKBUCL
|e AACR2
|
| 041 |
0 |
|
|a cze
|
| 044 |
|
|
|a xo
|c SK
|
| 080 |
|
|
|a 616.8-009.836
|2 1997
|
| 100 |
1 |
|
|a Šonka, Karel
|4 aut
|9 669846
|
| 245 |
1 |
0 |
|a Poruchy spánku v neurologické praxi
|c Karel Šonka
|
| 650 |
0 |
7 |
|a poruchy spánku
|2 SNKPH
|9 23292
|
| 650 |
0 |
7 |
|a neurológia
|2 SNKPH
|9 908
|
| 650 |
0 |
7 |
|a hypersomnia
|2 SNKPH
|9 23291
|
| 650 |
0 |
7 |
|a syndróm spánkového apnoe
|2 SNK
|9 14088
|
| 650 |
0 |
7 |
|a spánok
|2 SNKPH
|9 21972
|
| 650 |
0 |
7 |
|a mozgový peptid orexin
|2 SNK
|9 1560885
|
| 650 |
0 |
7 |
|a účinky liekov
|2 SNKPH
|9 102769
|
| 650 |
0 |
7 |
|a etiológia
|2 SNKPH
|9 20150
|
| 650 |
0 |
7 |
|a nespavosť
|2 SNKPH
|9 22279
|
| 650 |
0 |
7 |
|a terapia
|2 SNKPH
|9 781
|
| 655 |
|
7 |
|a články z novín a časopisov
|2 SNK
|9 267496
|
| 773 |
0 |
|
|t Neurológia pre prax
|g Roč. 1, č. 3 (2002), s. 133
|x 1335-9592
|
| 850 |
|
|
|a Slovenská národná knižnica
|
| 852 |
|
|
|a Slovenská národná knižnica
|
| 954 |
|
|
|a odborná, vedecká literatúra pôvodná (slovenská)
|2 lita
|
| 954 |
|
|
|a odborná, vedecká literatúra cudzojazyčná (svetová)
|2 lita
|
| 958 |
|
|
|a article13
|
| 958 |
|
|
|a MI
|
| 958 |
|
|
|a OND
|
| 958 |
|
|
|a EUIPO
|
| 999 |
|
|
|c 3175521
|d 3177451
|